000 00717nam a2200253Ia 4500
003 OSt
005 20221006143342.0
006 a|||||r|||| 00| 0
007 ta
008 221006b |||||||| |||| 00| 0 eng d
020 _cP3.12
024 _a8,740
037 _cTextual
040 _aEASL
_cEASL
_beng
041 _2eng
_aeng
082 _aW.49E.N49, J6
100 _aLINEBARGER Paul M. A
_950283
245 0 _aFar eastern governments and politics
_b China and Japan
260 _aToronto
_bPrinceton
_c1956
300 _a643p.
_ccm.
490 _v Oth
_aVan Nostrand Political science series
942 _hW.49E.N49, J6
_cTEXL
_2CC
999 _c1076826
_d1076826